000 01006nam a2200253 4500
005 20160212132548.0
008 160212b sp ||||| |||| 00| 0 spa d
020 _a8478272526
050 0 4 _aE169 .12
_bG56 2001
100 1 _aGiroux, Hery A.
245 1 0 _aCultura, política y práctica educativa
_c/ Henry A. Giroux
250 _a1a ed.
260 _aBarcelona, España :
_bGraó,
_c2001.
300 _a141 p. ;
_c24 cm.
490 _aBiblioteca de Aula. Serie Teoría y sociología de la educación
_v ; 158
500 _aTitulo original : The Practical Politics of Cultural Studies.
650 7 _2LEMB
_aCultura
_xEstudio y enseñanza
_zEstados Unidos
650 7 _2LEMB
_aMedios de comunicación masiva |
_xAspectos políticos
_zEstados Unidos
650 7 _2LEMB
_aMulticulturalismo
_zEstados Unidos
650 7 _2LEMB
_aCultura política
_zEstados Unidos
650 7 _2LEMB
_aInnovaciones tecnologicas
_xAspectos sociales
_zEstados Unidos
700 1 _aRiu, Hugo,
_etr.
942 _2lcc
_cLIB
999 _c113144
_d113144